000
00285nam a2200133Ia 4500
100
_a
Page/ A.J.
942
_c
BK
654
_a
Computer
245
_a
Relational Database : Concepts
260
_b
Galgotia
_a
New Delhi
_c
1994
082
_a
5.74
_b
PAN
546
_a
ENGLISH
999
_c
22433
_d
22433